MARC details
| 000 -CABECERA |
| campo de control de longitud fija |
01394nam a2200253 a 4500 |
| 001 - NÚMERO DE CONTROL |
| campo de control |
000016783 |
| 003 - IDENTIFICADOR DEL NÚMERO DE CONTROL |
| campo de control |
DO-SdBNP |
| 005 - FECHA Y HORA DE LA ÚLTIMA TRANSACCIÓN |
| campo de control |
20250410123259.0 |
| 008 - DATOS DE LONGITUD FIJA--INFORMACIÓN GENERAL |
| campo de control de longitud fija |
100310s1994 dr 000 0 spa d |
| 040 ## - FUENTE DE LA CATALOGACIÓN |
| Centro catalogador/agencia de origen |
DO-SdBNP |
| Lengua de catalogación |
spa |
| Centro/agencia transcriptor |
BNPHU |
| 082 ## - NÚMERO DE LA CLASIFICACIÓN DECIMAL DEWEY |
| Número de clasificación |
379.097293 |
| Número de documento/Ítem |
F438c |
| 100 1# - ENTRADA PRINCIPAL--NOMBRE DE PERSONA |
| Nombre de persona |
Fiallo Billini, José Antinoe |
| Fechas asociadas al nombre |
1944- |
| 9 (RLIN) |
10159 |
| 245 10 - MENCIÓN DE TÍTULO |
| Título |
Cultura, ciencia, educación y construcción del conocimiento / |
| Mención de responsabilidad, etc. |
José Antinoe Fiallo Billini, Alejandrina Germán. |
| 260 ## - PUBLICACIÓN, DISTRIBUCIÓN, ETC. |
| Lugar de publicación, distribución, etc. |
Santo Domingo : |
| Nombre del editor, distribuidor, etc. |
Publicaciones del Sector Educación del PNUD y la Secretaría de Estado de Educación, Bellas Artes y Cultos, |
| Fecha de publicación, distribución, etc. |
1994. |
| 300 ## - DESCRIPCIÓN FÍSICA |
| Extensión |
412 p. ; |
| Dimensiones |
25 cm. |
| 490 1# - MENCIÓN DE SERIE |
| Mención de serie |
Políticas educativas |
| Designación de volumen o secuencia |
2 |
| 504 ## - NOTA DE BIBLIOGRAFÍA, ETC. |
| Nota de bibliografía, etc. |
Bibliografías: p. 157-182, 347-376 |
| 505 0# - NOTA DE CONTENIDO CON FORMATO |
| Nota de contenido con formato |
Introducción -- Objetivos de la investigación -- Marco conceptual -- Cultura, nación e identidad en los procesos históricos dominicanos -- Notas y citas bibliográficas -- Antecedentes de los planes y programas de estudios vigentes -- Planes de estudios vigentes -- En relación al nivel medio o secundario -- Programas de estudios -- Programas de educación media -- Consideraciones finales -- Citas y notas bibliográficas. |
| 650 #4 - PUNTO DE ACCESO ADICIONAL DE MATERIA--TÉRMINO DE MATERIA |
| Término de materia o nombre geográfico como elemento de entrada |
Educación |
| Subdivisión geográfica |
República Dominicana |
| 9 (RLIN) |
737 |
| 650 #4 - PUNTO DE ACCESO ADICIONAL DE MATERIA--TÉRMINO DE MATERIA |
| Término de materia o nombre geográfico como elemento de entrada |
Antropología de la educación |
| 9 (RLIN) |
37192 |
| 700 1# - PUNTO DE ACCESO ADICIONAL--NOMBRE DE PERSONA |
| Nombre de persona |
Germán, Alejandrina |
| 9 (RLIN) |
12096 |
| 830 #0 - PUNTO DE ACCESO ADICIONAL DE SERIE-TÍTULO UNIFORME |
| Título uniforme |
Políticas educativas ; |
| Número de parte o sección de la obra |
2 |
| 9 (RLIN) |
37194 |
| 942 ## - ELEMENTOS DE PUNTO DE ACCESO ADICIONAL (KOHA) |
| Fuente del sistema de clasificación o colocación |
Dewey Decimal Classification |
| Tipo de ítem Koha |
Libro |